Mastering Perl : (Record no. 35343)
[ view plain ]
| 000 -LEADER | |
|---|---|
| fixed length control field | 00518nam a22001817a 4500 |
| 005 - DATE AND TIME OF LATEST TRANSACTION | |
| control field | 20240313101739.0 |
| 008 - FIXED-LENGTH DATA ELEMENTS--GENERAL INFORMATION | |
| fixed length control field | 240313b |||||||| |||| 00| 0 eng d |
| 020 ## - INTERNATIONAL STANDARD BOOK NUMBER | |
| ISBN | 9781449393113 |
| 082 ## - DEWEY DECIMAL CLASSIFICATION NUMBER | |
| Classification number | 005.2 |
| Item number | FOY-M |
| 100 ## - MAIN ENTRY--AUTHOR | |
| Author Name | Foy, Brain D. |
| 245 ## - TITLE STATEMENT | |
| Title | Mastering Perl : |
| Remainder of title | Creating professional programs with perl / |
| Statement of responsibility, etc. | Brain D Foy |
| 250 ## - EDITION STATEMENT | |
| Edition statement | 2nd ed. |
| 260 ## - PUBLICATION, DISTRIBUTION, ETC. | |
| Place of Publication | india: |
| Name of publisher, distributor, etc. | Oreilly; |
| Date of publication, distribution, etc. | 2002. |
| 300 ## - PHYSICAL DESCRIPTION | |
| Pages | xx, 374 p. : |
| 500 ## - GENERAL NOTE | |
| General note | include index. |
| 650 ## - SUBJECT ADDED ENTRY--TOPICAL TERM | |
| Subject / Department | computer science/programming |
| 300 ## - PHYSICAL DESCRIPTION | |
| -- | ill, |
| -- | 24 cm. |
| 952 ## - LOCATION AND ITEM INFORMATION (KOHA) | |
| -- | 0 |
| -- | 0 |
| Lost status | Damaged status | Collection code | Permanent Location | Current Location | Shelving Location | Date acquired | Full Call Number | Accession No./Barcode | Date last seen | item type | Koha item type |
|---|---|---|---|---|---|---|---|---|---|---|---|
| CS/IT | Superior Information Resource Center (SIRC) Superior University- Gold Campus | Superior Information Resource Center (SIRC) Superior University- Gold Campus | Programming | 03/13/2024 | 005.2 LEI-U 2002 | 16001 | 03/13/2024 | BOOK | BOOK |
